Electric Power Substations Engineering

Bibliografiska uppgifter
Övriga upphovsmän: McDonald J. D. John D. (редактор)
Sammanfattning:The use of electric power substations in generation, transmission, and distribution remains one of the most challenging and exciting areas of electric power engineering. Recent technological developments have had a tremendous impact on all aspects of substation design and operation.With 80% of its chapters completely revised and two brand-new chapters on energy storage and Smart Grids, Electric Power Substations Engineering, Third Edition provides an extensive updated overview of substations, serving as a reference and guide for both industry and academia. Contributors have written each chapter with detailed design information for electric power engineering professionals and other engineering professionals (e.g., mechanical, civil) who want an overview or specific information on this challenging and important area.This Book:• Includes extensive use of graphics and photographs to visually convey the book's concepts• Provides applicable IEEE industry standards in each chapter• Is written by industry experts who have an average of 25 to 30 years of industry experience• Presents a new chapter addressing the key role of the substation in Smart GridsEditor John McDonald and this very impressive group of contributors cover all aspects of substations, from the initial concept through design, automation, and operation. The book's chapters—which delve into physical and cyber-security, commissioning, and energy storage—are written as tutorials and provide references for further reading and study.Several chapter authors are members of the IEEE Power & Energy Society (PES) Substations Committee and are the actual experts who are developing the standards that govern all aspects of substations. As a result, this book contains the most recent technological developments in industry practice and standards.
Språk:engelska
Publicerad: Boka Raton, CRC Press, 2012
Upplaga:3rd ed.
Serie:The Electric Power Engineering Handbook
Ämnen:
Materialtyp: MixedMaterials Bok
KOHA link:https://koha.lib.tpu.ru/cgi-bin/koha/opac-detail.pl?biblionumber=313970

MARC

LEADER 00000nam0a2200000 4500
001 313970
005 20231102002630.0
010 |a 9781439856383 
035 |a (RuTPU)RU\TPU\book\339361 
035 |a RU\TPU\book\151829 
035 |a RU\TPU\book\151851 
090 |a 313970 
100 |a 20080621d2012 km y0engy50 ba 
101 0 |a eng 
102 |a US 
105 |a a g 001zy 
200 1 |a Electric Power Substations Engineering  |f edited by J. D. McDonald 
205 |a 3rd ed. 
210 |a Boka Raton  |c CRC Press  |d 2012 
215 |a XII, 522 p.  |c il. 
225 1 |a The Electric Power Engineering Handbook 
320 |a Index: p. 509-522 
330 |a The use of electric power substations in generation, transmission, and distribution remains one of the most challenging and exciting areas of electric power engineering. Recent technological developments have had a tremendous impact on all aspects of substation design and operation.With 80% of its chapters completely revised and two brand-new chapters on energy storage and Smart Grids, Electric Power Substations Engineering, Third Edition provides an extensive updated overview of substations, serving as a reference and guide for both industry and academia. Contributors have written each chapter with detailed design information for electric power engineering professionals and other engineering professionals (e.g., mechanical, civil) who want an overview or specific information on this challenging and important area.This Book:• Includes extensive use of graphics and photographs to visually convey the book's concepts• Provides applicable IEEE industry standards in each chapter• Is written by industry experts who have an average of 25 to 30 years of industry experience• Presents a new chapter addressing the key role of the substation in Smart GridsEditor John McDonald and this very impressive group of contributors cover all aspects of substations, from the initial concept through design, automation, and operation. The book's chapters—which delve into physical and cyber-security, commissioning, and energy storage—are written as tutorials and provide references for further reading and study.Several chapter authors are members of the IEEE Power & Energy Society (PES) Substations Committee and are the actual experts who are developing the standards that govern all aspects of substations. As a result, this book contains the most recent technological developments in industry practice and standards. 
606 1 |a Электрические подстанции  |2 stltpush  |3 (RuTPU)RU\TPU\subj\27293  |9 51075 
610 1 |a электрические станции 
610 1 |a эксплуатация 
610 1 |a обслуживание 
610 1 |a электрооборудование 
610 1 |a английский язык 
610 1 |a электричество 
610 1 |a электроэнергия 
610 1 |a строительство 
610 1 |a виды 
610 1 |a воздушная изоляция 
610 1 |a коммутационное оборудование 
610 1 |a напряжение 
610 1 |a высоковольтное оборудование 
610 1 |a нефтепродукты 
610 1 |a разлив 
610 1 |a заземление 
610 1 |a молнии 
610 1 |a экранирование 
610 1 |a противопожарная безопасность 
610 1 |a противопожарная защита 
610 1 |a связь 
610 1 |a безопасность 
610 1 |a информационная безопасность 
610 1 |a линии передачи 
610 1 |a элегазовая изоляция 
610 1 |a управление 
610 1 |a хранилища 
610 1 |a энергия 
610 1 |a интеллектуальные сети 
610 1 |a Smart grid 
610 1 |a английский язык 
610 1 |a справочники 
675 |a 621.311.4(035)  |v 3 
702 1 |a McDonald  |b J. D.  |g John D.  |4 340 
801 1 |a RU  |b 63413507  |c 20160205 
801 2 |a RU  |b 63413507  |c 20161117  |g RCR 
942 |c BK 
959 |a 16/20160205  |d 1  |e 0  |f ЧЗИЛ:1